Catálogo público

Bajo el espino : (Record no. 208499)

MARC details
000 -CABECERA
campo de control de longitud fija 00974nam a2200313Ia 4500
001 - NÚMERO DE CONTROL
campo de control Para_9839
003 - IDENTIFICADOR DEL NÚMERO DE CONTROL
campo de control CHAP
008 - DATOS DE LONGITUD FIJA--INFORMACIÓN GENERAL
campo de control de longitud fija 220125s2012 xx 000 0 und d
010 ## - NÚMERO DE CONTROL DE LA BIBLIOTECA DEL CONGRESO
Número de control de LC 208499
020 ## - NÚMERO INTERNACIONAL ESTÁNDAR DEL LIBRO
Número Internacional Estándar del Libro 978-968-16-6229-5
040 ## - FUENTE DE LA CATALOGACIÓN
Centro/agencia transcriptor CHAP
082 ## - NÚMERO DE LA CLASIFICACIÓN DECIMAL DEWEY
Número de clasificación PA 808.899282 C66
100 ## - ENTRADA PRINCIPAL--NOMBRE DE PERSONA
Nombre de persona Conlon-McKenna, Marita
9 (RLIN) 174932
245 ## - MENCIÓN DE TÍTULO
Título Bajo el espino :
Resto del título Los niños de la hambruna /
Mención de responsabilidad, etc. Marita Conlon-McKenna; tradución de de Juan Elías Tovar Cross
250 ## - MENCIÓN DE EDICIÓN
Mención de edición 1a ed., 6 reimpr.
260 ## - PUBLICACIÓN, DISTRIBUCIÓN, ETC.
Lugar de publicación, distribución, etc. México :
Nombre del editor, distribuidor, etc. FCE
300 ## - DESCRIPCIÓN FÍSICA
Extensión 118 p.
440 ## - MENCIÓN DE SERIE/PUNTO DE ACCESO ADICIONAL--TÍTULO
Título Col. a la horilla del viento ; 148
9 (RLIN) 174933
500 ## - NOTA GENERAL
Nota general Tradución de: Under the Howthorn Tree. Children of the Famine
650 ## - PUNTO DE ACCESO ADICIONAL DE MATERIA--TÉRMINO DE MATERIA
Término de materia o nombre geográfico como elemento de entrada Literatura juvenil
9 (RLIN) 133802
700 ## - PUNTO DE ACCESO ADICIONAL--NOMBRE DE PERSONA
Nombre de persona Tovar Cross, Juan Elías, tr.
9 (RLIN) 174934
901 ## - ELEMENTOS DE DATOS A LOCAL LDA (RLIN)
a PA 808.899282 C66
902 ## - ELEMENTOS DE DATOS B LOCAL, LDB (RLIN)
a M
905 ## - ELEMENTOS DE DATOS E LOCAL, LDE (RLIN)
a 5222202012 a 9000000000 06
910 ## - DATOS DE OPCIÓN DEL USUARIO (OCLC)
Datos de opción del usuario 2012
942 ## - ELEMENTOS DE PUNTO DE ACCESO ADICIONAL (KOHA)
Tipo de ítem Koha Parasitologia_
942 ## - ELEMENTOS DE PUNTO DE ACCESO ADICIONAL (KOHA)
Tipo de ítem Koha Parasitologia_
-- 1
Holdings
Estado de retiro Estado de pérdida Fuente del sistema de clasificación o colocación Estado dañado No para préstamo Código de colección Localización permanente Ubicación/localización actual Fecha de adquisición Número de inventario Total de préstamos Signatura topográfica completa Código de barras Fecha visto por última vez Fecha del último préstamo Número de copia Precio válido a partir de Tipo de ítem Koha Nota pública
    Dewey Decimal Classification     General Parasitologia Agricola Parasitologia Agricola 15/05/2013 (PA_09948) (No. UACh C/E) 1 PA 808.899282 C66 4102003974 20/03/2023 20/03/2023 Ej.4 25/01/2022 Libro 3
    Dewey Decimal Classification     General Parasitologia Agricola Parasitologia Agricola 15/05/2013 (PA_09945) (No. UACh C/E) 1 PA 808.899282 C66 4102003971 22/03/2023 14/03/2023 Ej.1 25/01/2022 Libro 2
    Dewey Decimal Classification     General Parasitologia Agricola Parasitologia Agricola 15/05/2013 (PA_09946) (No. UACh C/E) 2 PA 808.899282 C66 4102003972 20/03/2023 20/03/2023 Ej.2 25/01/2022 Libro 3
    Dewey Decimal Classification     General Parasitologia Agricola Parasitologia Agricola 15/05/2013 (PA_09947) (No. UACh C/E) 4 PA 808.899282 C66 4102003973 02/03/2026 26/02/2026 Ej.3 25/01/2022 Libro 3